100 personnages One Piece - Statistiques

Statistiques générales
  • Ce quiz a été pris 71 801 fois
  • Le résultat moyen est 45 sur 100
Statistiques - réponses
Personnages % Correct
1 luffy
100%
3 nami
99%
2 zoro
99%
5 sanji
97%
6 chopper
96%
7 robin
96%
4 usopp
95%
8 franky
93%
9 brook
92%
30 ace
90%
28 barbe blanche
90%
33 shanks
90%
17 barbe noire
86%
35 big mom
86%
34 kaïdo
85%
15 crocodile
84%
11 doflamingo
84%
42 sabo
84%
19 law
82%
49 garp
81%
14 jinbei
79%
18 baggy
78%
13 hancock
78%
45 akainu
77%
39 dragon
76%
46 aokiji
75%
10 mihawk
73%
36 roger
73%
29 marco
72%
47 kizaru
71%
16 moria
70%
12 kuma
69%
57 vivi
68%
83 arlong
65%
44 sengoku
64%
50 smoker
60%
71 ener
57%
20 kidd
55%
37 rayleigh
53%
66 lucci
51%
26 killer
47%
48 fujitora
46%
40 ivankov
44%
54 bon clay
43%
22 hawkins
43%
69 kaku
41%
52 kobby
41%
21 drake
40%
51 tashigi
40%
23 urouge
40%
63 cesar
38%
25 jewerly
38%
31 joz
36%
82 magellan
36%
24 capone
33%
53 hermep
32%
89 kinémon
32%
32 vista
32%
43 koala
31%
60 rebecca
31%
56 perona
29%
55 bartolomeo
27%
62 bepo
26%
93 laboon
26%
94 kuina
25%
76 corazon
24%
74 bellamy
23%
85 dadan
23%
86 foxy
22%
38 crocus
21%
41 inazuma
21%
95 belmer
20%
92 tom
20%
87 icebarg
19%
27 scratchmen
19%
58 cavendish
18%
59 shirahoshi
16%
77 vergo
15%
70 viola
15%
84 makino
14%
96 octo
14%
75 monet
13%
68 pell
13%
65 sugar
13%
80 izo
12%
61 kyros
12%
73 baby 5
11%
90 kureha
11%
79 kaloo
10%
64 beckmann
9%
97 wiper
9%
99 jango
8%
91 olvia
7%
100 fullbody
6%
81 hannyabal
6%
78 pauly
6%
67 senor pink
6%
72 margaret
5%
88 cocoro
4%
98 tonjit
3%
Aucun quiz correspondant
Distribution des résultats
% des personnes avec chaque résultat
Percentile par nombre de réponses
Votre historique - résultats
Vous n’avez pas pris ce quiz